NEC3 and NEC4 compared (Record no. 116091)
[ view plain ]
| 000 -LEADER | |
|---|---|
| fixed length control field | 01055cam a2200229 4500 |
| 001 - CONTROL NUMBER | |
| control field | L159703 |
| 008 - FIXED-LENGTH DATA ELEMENTS--GENERAL INFORMATION | |
| fixed length control field | 171212n2017 000 0 eng u |
| 020 ## - INTERNATIONAL STANDARD BOOK NUMBER | |
| International Standard Book Number | 9780727762016 |
| 035 ## - SYSTEM CONTROL NUMBER | |
| System control number | (Sirsi) u159703 |
| 041 0# - LANGUAGE CODE | |
| Language code of text/sound track or separate title | eng |
| 050 04 - LIBRARY OF CONGRESS CALL NUMBER | |
| Classification number | 624.04 $2 18 |
| 100 1# - MAIN ENTRY--PERSONAL NAME | |
| Personal name | Gerrard, Robert |
| 245 00 - TITLE STATEMENT | |
| Title | NEC3 and NEC4 compared |
| 260 ## - PUBLICATION, DISTRIBUTION, ETC. | |
| Place of publication, distribution, etc. | London |
| Name of publisher, distributor, etc. | ICE Publishing |
| Date of publication, distribution, etc. | 2017 |
| 350 ## - PRICE (NR) (BK AM CF MU VM SE) [OBSOLETE] | |
| Price | 30 |
| 505 2# - FORMATTED CONTENTS NOTE | |
| Formatted contents note | Schedule of options -- Core clauses -- Main option clauses -- Dispute resolution -- Secondary option clauses -- Schedule of cost components -- Shorter schedule of cost components |
| 520 ## - SUMMARY, ETC. | |
| Summary, etc. | Presents the wording of NEC3 against that of NEC4 with appropriate changes highlighted. Explanatory notes, to be found under the relevant clauses, cover the significance of the more important changes. Designed so that the user can look up any clause in NEC3 and see at first glance whether there are any changes in NEC4. |
| 650 24 - SUBJECT ADDED ENTRY--TOPICAL TERM | |
| Topical term or geographic name entry element | NEW ENGINEERING CONTRACT (FOURTH EDITION) |
| 651 #4 - SUBJECT ADDED ENTRY--GEOGRAPHIC NAME | |
| Geographic name | ENGLAND AND WALES |
| 690 ## - LOCAL SUBJECT ADDED ENTRY--TOPICAL TERM (OCLC, RLIN) | |
| Topical term or geographic name as entry element | Contracts |
| 9 (RLIN) | 6232 |
| 942 ## - ADDED ENTRY ELEMENTS (KOHA) | |
| Suppress in OPAC | 0 |
| Source of classification or shelving scheme | Dewey Decimal Classification |
| Withdrawn status | Lost status | Source of classification or shelving scheme | Damaged status | Not for loan | Home library | Current library | Shelving location | Date acquired | Total Checkouts | Full call number | Barcode | Date last seen | Copy number | Price effective from | Koha item type |
|---|---|---|---|---|---|---|---|---|---|---|---|---|---|---|---|
| Dewey Decimal Classification | London | London | Folio | 12/12/2017 | 624.08 GER | 30075134 | 26/02/2024 | 1 | 06/08/2019 | Book |